| 000 | 01245nam a2200229Ia 4500 | ||
|---|---|---|---|
| 001 | L890-39568 | ||
| 003 | IT-CnALBA | ||
| 008 | 170116s9999||||xx |||||||||||||| ||und|| | ||
| 040 |
_aIT-CnALBA _cIT-CnALBA |
||
| 041 | _aITALIANO | ||
| 100 | _aGUERRIERO ELIO | ||
| 245 | 0 | _aSILONE INQUIETO. L'AVVENTURA UMANA E LETTERARIA DI IGNAZIO SILONE. | |
| 250 | _a1a ed. | ||
| 260 |
_aCINISELLO BALSAMO (MI) _bEDIZIONI PAOLINE _c1990 [1° Ed.:1990 - Ed.Ling.Originale: 1990] |
||
| 300 | _a166 p. | ||
| 500 | _aCOMUNISMO E RITORNO. GLI UOMINI DI SILONE. EREDITÀ CRISTIANA E ISTITUZIONI. L'AVVENTURA DI UN POVERO CRISTIANO. SPERANZA DI SUOR SEVERINA. LINGUAGGIO DI SILONE. E IL CRISTIANESIMO. TESTIMONE DEL NOSTRO TEMPO. SOLIDARIETÀ CON IL MONDO CONTADINO DELLA MARSI | ||
| 501 | _aSocietà San Paolo EM - Piazza San Paolo, 14 - 12051 ALBA (CN) (non commercial uses only) ® Copyright 2017 | ||
| 520 | _aCOMUNISMO E RITORNO. GLI UOMINI DI SILONE. EREDITÀ CRISTIANA E ISTITUZIONI. L'AVVENTURA DI UN POVERO CRISTIANO. SPERANZA DI SUOR SEVERINA. LINGUAGGIO DI SILONE. E IL CRISTIANESIMO. TESTIMONE DEL NOSTRO TEMPO. SOLIDARIETÀ CON IL MONDO CONTADINO DELLA MARSI | ||
| 650 | _aLETTERATURE IN ALTRE LINGUE | ||
| 942 | _cBK | ||
| 957 | _71 | ||
| 999 |
_a44523 _bNO _g Copie: 1 _c298554 _d298554 |
||